UM Logo

Handbook of criminal investigation and detection with criminal evidence / (Record no. 23626)

MARC details
000 -LEADER
fixed length control field 00599nam a22001697a 4500
005 - DATE AND TIME OF LATEST TRANSACTION
control field 20250515141138.0
008 - FIXED-LENGTH DATA ELEMENTS--GENERAL INFORMATION
fixed length control field 250515b |||||||| |||| 00| 0 eng d
020 ## - INTERNATIONAL STANDARD BOOK NUMBER
International Standard Book Number 9716912048
082 ## - DEWEY DECIMAL CLASSIFICATION NUMBER
Classification number DFil 363.25 T675 2002
100 ## - MAIN ENTRY--PERSONAL NAME
Personal name Tradio, Cirilo M., author.
9 (RLIN) 25558
245 ## - TITLE STATEMENT
Title Handbook of criminal investigation and detection with criminal evidence /
Statement of responsibility, etc. Cirilo M. Tradio
250 ## - EDITION STATEMENT
Edition statement Third edition.
Remainder of edition statement Reprinted.
260 ## - PUBLICATION, DISTRIBUTION, ETC. (IMPRINT)
Place of publication, distribution, etc. Quezon City :
Name of publisher, distributor, etc. Central Professional Books, Inc.,
Date of publication, distribution, etc. ©2002.
300 ## - PHYSICAL DESCRIPTION
Extent vi, 204 pages :
Other physical details illustrations ;
Dimensions 22 cm.
500 ## - GENERAL NOTE
General note Includes bibliography.
942 ## - ADDED ENTRY ELEMENTS (KOHA)
Source of classification or shelving scheme Dewey Decimal Classification
Koha item type Filipiniana
Holdings
Withdrawn status Lost status Source of classification or shelving scheme Damaged status Not for loan Collection code Home library Current library Date acquired Source of acquisition Total Checkouts Full call number Barcode Date last seen Price effective from Koha item type
    Dewey Decimal Classification     Filipiniana UM Digos College - LIC UM Digos College - LIC 09/12/2008 Donated   DFil 363.25 T675 2002 19726 05/15/2025 05/15/2025 Filipiniana